Neue Technologien und Löhne: Erste Analysen basierend auf österreichischen Mikrodaten (Record no. 9128)

MARC details
000 -LEADER
fixed length control field 03353nam a22003137u 4500
001 - CONTROL NUMBER
control field pwiiw7013
003 - CONTROL NUMBER IDENTIFIER
control field OSt
005 - DATE AND TIME OF LATEST TRANSACTION
control field 20260516120049.0
008 - FIXED-LENGTH DATA ELEMENTS--GENERAL INFORMATION
fixed length control field 241029t2024 au ||||| |||||||| ||ger d
040 ## - CATALOGING SOURCE
Transcribing agency OSt
041 ## - LANGUAGE CODE
Language code of text/sound track or separate title ger
084 ## - OTHER CLASSIFICATION NUMBER
Classification number O33
-- O5
Number source jelc
100 1# - MAIN ENTRY--PERSONAL NAME
Personal name Stehrer, Robert
9 (RLIN) 5
245 10 - TITLE STATEMENT
Title Neue Technologien und Löhne: Erste Analysen basierend auf österreichischen Mikrodaten
260 ## - PUBLICATION, DISTRIBUTION, ETC.
Place of publication, distribution, etc. Wien :
Name of publisher, distributor, etc. Wiener Institut für Internationale Wirtschaftsvergleiche (wiiw),
Date of publication, distribution, etc. 2024.
300 ## - PHYSICAL DESCRIPTION
Extent 34 S.,
Other physical details 12 Tables,
Dimensions 30cm.
490 1# - SERIES STATEMENT
Series statement wiiw Research Reports in German Language
Volume/sequential designation 27
520 ## - SUMMARY, ETC.
Summary, etc. Neue Technologien und Löhne:Erste Analysen basierend auf österreichischen Mikrodaten<br/><br/>This publication is available in German language only.<br/><br/>For a brief English summary see further below.<br/><br/>In diesem Bericht wird der Effekt der Verwendung neuer Technologien – von Robotern, 3D-Druck, Big Data und anderer softwarebasierter Anwendungen – auf Löhne und Lohnstrukturen untersucht. Die Untersuchung beruht auf der IKTU-Erhebung und weiteren detaillierten Daten auf Firmen- und Personenebene. Als Methode werden Mincer-Regressionen in einer Querschnittsanalyse geschätzt, in denen für Personen- und Firmenmerkmale kontrolliert wird. Für Letztere wird insbesondere eine Variable verwendet, die anzeigt, ob die Firma neue Technologien (z. B. Roboter) verwendet oder nicht. Die Resultate zeigen, dass die Auswirkungen der neuen Technologien auf Löhne durchaus differenziert betrachtet werden müssen. Die Effekte sind jedoch in allen Fällen gering bzw. insignifikant. Interessanterweise gibt es in so gut wie allen Fällen – mit Ausnahme der Verwendung von Chatservices –- einen positiven Effekt auf die Löhne der Frauen. Über die Bildungsgruppen hinweg zeigen sich leichte Polarisierungsmuster, wobei jedoch die Personen mit mittlerer Qualifikation im Durchschnitt eher positiv betroffen sind.<br/><br/>New technologies and wages: First analyses based on Austrian microdata<br/><br/>This report analyses the effect of the use of new technologies - robots, 3D printing, big data and other software-based applications - on wages and wage structures. The analysis is based on the ICT survey and other detailed data at company and individual level. Mincer regressions are estimated in a cross-sectional analysis in which personal and company characteristics are controlled for. For the latter, a variable indicating whether the firm uses new technologies (e.g. robots) or not is used. The results point towards a differentiated impact of the effects of new technologies on wages. Generally, the effects are small or insignificant in many cases. Interestingly, in almost all cases - except for the use of chat services - there is a positive effect on women's wages. There are slight polarisation patterns across the education groups. People with medium qualifications tend to be more positively affected on average.<br/><br/>Analyse der österreichischen IKT-Landschaft:<br/><br/>https://ict-and-microdata.wiiw.io<br/>
650 ## - SUBJECT ADDED ENTRY--TOPICAL TERM
Topical term or geographic name entry element IKT
650 ## - SUBJECT ADDED ENTRY--TOPICAL TERM
Topical term or geographic name entry element neue Technologien
650 ## - SUBJECT ADDED ENTRY--TOPICAL TERM
Topical term or geographic name entry element Löhne
650 ## - SUBJECT ADDED ENTRY--TOPICAL TERM
Topical term or geographic name entry element Lohnstrukturen
650 ## - SUBJECT ADDED ENTRY--TOPICAL TERM
Topical term or geographic name entry element Mincer-Regressionen
651 ## - SUBJECT ADDED ENTRY--GEOGRAPHIC NAME
Geographic name Austria
690 ## - LOCAL SUBJECT ADDED ENTRY--TOPICAL TERM (OCLC, RLIN)
Topical term or geographic name as entry element Labour, Migration and Income Distribution
830 #0 - SERIES ADDED ENTRY--UNIFORM TITLE
Volume/sequential designation 27
Bibliographic record control number WIIW0000108
Title of a work wiiw Research Reports in German Language
856 40 - ELECTRONIC LOCATION AND ACCESS
Uniform Resource Identifier <a href="https://wiiw.ac.at/p-7013.html">https://wiiw.ac.at/p-7013.html</a>
942 ## - ADDED ENTRY ELEMENTS (KOHA)
Koha item type Paper
Holdings
Withdrawn status Lost status Damaged status Not for loan Home library Current library Shelving location Date acquired Inventory number Total Checkouts Barcode Date last seen Price effective from Koha item type
        WIIW WIIW Library 10/29/2024 pwiiw7013   1000010007013 10/29/2024 04/07/2025 Paper
The Vienna Instiute for International Economic Studies (wiiw)